Spoza divadelnej opony

Bibliographic Details
Main Author: Mikola, Marián, 1934- (Author)
Format: Article
Language:Slovak
ISSN:1210-1982
Subjects:

MARC

LEADER 00000nab a2200000 a 4500
001 vtls000612686
003 SK-MaSNL
005 20260304215611.0
008 160314c1996 xo 0 slo
015 |a SNBRB19rr/mm-uuuuu 
035 |a CL0612825 
040 |a SNKBUCL  |b slo  |c SNKBUCL  |e AACR2 
041 0 |a slo 
044 |a xo  |c SK 
080 |a 82.09:885.4-94(048)  |2 1981 
080 |a 885.4-94(048)  |2 1981 
080 |a 791.44.071.2  |2 1981 
080 |a 792.071.2  |2 1981 
100 1 |a Mikola, Marián,  |d 1934-  |4 aut  |9 6145 
245 1 0 |a Spoza divadelnej opony  |c Marián Mikola 
600 1 7 |a Gregor, Martin,  |d 1906-1982  |2 SNKMA  |9 111270 
600 1 7 |a Gregororová, Magda,  |d 1921-2013  |2 SNKMA  |9 1550447 
650 0 7 |a memoáre  |2 snkbucl  |9 298006 
650 0 7 |a biografie  |2 snkbucl  |9 111226 
773 0 |x 1210-1982  |t Knižná revue  |g Roč. 6, č. 24 (1996), s. 5 
787 0 8 |i Rec.:  |a Gregorová, Magda  |t Môj komediant a ja  |d Bratislava : Vydavateľstvo Spolku slovenských spisovateľov, 1996 
850 |a Slovenská národná knižnica v Martine  |a MTA001 
852 |a SNK  |b KIS3GCP 
958 |a SK 
958 |a LX 
958 |a RK 
958 |a RBX 
999 |c 3147323  |d 3149253